ბათუმის შოთა რუსთაველის სახელმწიფო უნივერსიტეტის ბიბლიოთეკა

თხზულებანი ორ ტომად ტ.2 (ბიბ.ჩანაწერი № 42936)

000 -LEADER
fixed length control field 00828nam a2200229Ia 4500
001 - CONTROL NUMBER
control field 9652
003 - CONTROL NUMBER IDENTIFIER
control field GE_BSU
008 - FIXED-LENGTH DATA ELEMENTS--GENERAL INFORMATION
fixed length control field 181216s||||||||xx |||||||||||||| ||und||
040 ## - CATALOGING SOURCE
Transcribing agency GE_BSU
080 ## - UNIVERSAL DECIMAL CLASSIFICATION NUMBER
Universal Decimal Classification number 821.353.1–2+821.353.1-92
100 ## - MAIN ENTRY--PERSONAL NAME
Personal name მრევლიშვილი,მიხეილ.
245 ## - TITLE STATEMENT
Title თხზულებანი ორ ტომად ტ.2
245 ## - TITLE STATEMENT
Remainder of title პიესები,წერილები
245 ## - TITLE STATEMENT
Statement of responsibility, etc. რედ. ს.დემურხანაშვილი. მხატვ. ო.ჯიშკარიანი
260 ## - PUBLICATION, DISTRIBUTION, ETC.
Place of publication, distribution, etc. თბილისი
260 ## - PUBLICATION, DISTRIBUTION, ETC.
Name of publisher, distributor, etc. მერანი
260 ## - PUBLICATION, DISTRIBUTION, ETC.
Date of publication, distribution, etc. 1974
300 ## - PHYSICAL DESCRIPTION
Extent 650გვ.21სმ.
653 ## - INDEX TERM--UNCONTROLLED
Uncontrolled term თხზულებანი ორ ტომად
653 ## - INDEX TERM--UNCONTROLLED
Uncontrolled term პიესები,წერილები
942 ## - ADDED ENTRY ELEMENTS (KOHA)
Koha item type წიგნი
ეგზემპლარები
Withdrawn status Lost status Damaged status Not for loan Date acquired Barcode Date last seen Price effective from Koha item type
        2018-12-17 32619 2018-12-17 2018-12-17 წიგნი